[Event "DEM U14w 2023"]
[Site "Willingen GER"]
[Date "2023.06.01"]
[Round "7"]
[White "Müller, Cosima"]
[Black "Richter, Johanna"]
[Result "1/2-1/2"]
[Termination "normal"]
[Board "6"]
[WhiteElo "1521"]
[BlackElo "1431"]
[WhiteClock "00:26:44"]
[BlackClock "00:28:03"]
[PlyCount "93"]
[WhiteFideId "34601490"]
[BlackFideId "16278925"]
[EventCountry "GER"]
[EventRounds "9"]
[EventType "swiss"]
[EventDate "2023.05.27"]

1. e4 {[%clk 01:30:58]} {[%emt 00:00:02]} c5 {[%clk 01:30:54]} {[%emt
00:00:07]} 2. Nf3 {[%clk 01:31:25]} {[%emt 00:00:03]} d6 {[%clk 01:31:16]}
{[%emt 00:00:09]} 3. d4 {[%clk 01:31:50]} {[%emt 00:00:05]} cxd4 {[%clk
01:31:41]} {[%emt 00:00:06]} 4. Nxd4 {[%clk 01:32:15]} {[%emt 00:00:04]} Nf6
{[%clk 01:32:06]} {[%emt 00:00:04]} 5. Nc3 {[%clk 01:32:39]} {[%emt 00:00:06]}
a6 {[%clk 01:32:30]} {[%emt 00:00:07]} 6. Bg5 {[%clk 01:27:59]} {[%emt
00:05:09]} Nbd7 {[%clk 01:32:12]} {[%emt 00:00:48]} 7. f4 {[%clk 01:19:03]}
{[%emt 00:09:25]} e6 {[%clk 01:28:58]} {[%emt 00:03:45]} 8. Be2 {[%clk
01:17:08]} {[%emt 00:02:24]} Be7 {[%clk 01:28:15]} {[%emt 00:01:14]} 9. Qd2
{[%clk 01:14:10]} {[%emt 00:03:27]} Qc7 {[%clk 01:22:55]} {[%emt 00:05:50]} 10.
f5 {[%clk 01:08:55]} {[%emt 00:05:46]} e5 {[%clk 01:10:08]} {[%emt 00:13:16]}
11. Nb3 {[%clk 01:06:24]} {[%emt 00:03:01]} b5 {[%clk 01:06:28]} {[%emt
00:04:10]} 12. a3 {[%clk 00:57:22]} {[%emt 00:09:32]} Bb7 {[%clk 01:06:06]}
{[%emt 00:00:53]} 13. Bf3 {[%clk 00:57:07]} {[%emt 00:00:45]} Rc8 {[%clk
01:02:09]} {[%emt 00:04:26]} 14. O-O-O {[%clk 00:48:31]} {[%emt 00:09:07]} h6
{[%clk 00:49:45]} {[%emt 00:12:53]} 15. Be3 {[%clk 00:48:37]} {[%emt 00:00:24]}
Nb6 {[%clk 00:48:42]} {[%emt 00:01:33]} 16. Na5 {[%clk 00:46:17]} {[%emt
00:02:49]} Nc4 {[%clk 00:46:10]} {[%emt 00:03:04]} 17. Nxc4 {[%clk 00:46:14]}
{[%emt 00:00:33]} Qxc4 {[%clk 00:46:23]} {[%emt 00:00:17]} 18. Qd3 {[%clk
00:41:56]} {[%emt 00:04:46]} Qxd3 {[%clk 00:46:04]} {[%emt 00:00:50]} 19. Rxd3
{[%clk 00:42:14]} {[%emt 00:00:10]} O-O {[%clk 00:44:43]} {[%emt 00:01:53]} 20.
g4 {[%clk 00:41:20]} {[%emt 00:01:24]} Nh7 {[%clk 00:40:19]} {[%emt 00:04:54]}
21. h4 {[%clk 00:38:26]} {[%emt 00:03:24]} Rc4 {[%clk 00:36:20]} {[%emt
00:04:11]} 22. b3 {[%clk 00:31:22]} {[%emt 00:07:52]} Rcc8 {[%clk 00:32:49]}
{[%emt 00:03:59]} 23. Nd5 {[%clk 00:30:48]} {[%emt 00:01:07]} Bxd5 {[%clk
00:32:50]} {[%emt 00:00:28]} 24. Rxd5 {[%clk 00:31:04]} {[%emt 00:00:15]} Rc6
{[%clk 00:33:02]} {[%emt 00:00:17]} 25. Rd2 {[%clk 00:27:48]} {[%emt 00:03:46]}
Rfc8 {[%clk 00:30:45]} {[%emt 00:02:48]} 26. Rdh2 {[%clk 00:25:17]} {[%emt
00:02:59]} Rc3 {[%clk 00:28:46]} {[%emt 00:02:30]} 27. Re2 {[%clk 00:14:27]}
{[%emt 00:11:19]} Rxb3 {[%clk 00:26:31]} {[%emt 00:02:46]} 28. g5 {[%clk
00:14:25]} {[%emt 00:00:32]} hxg5 {[%clk 00:18:33]} {[%emt 00:08:28]} 29. hxg5
{[%clk 00:14:41]} {[%emt 00:00:14]} Rxa3 {[%clk 00:17:53]} {[%emt 00:01:11]}
30. Kb2 {[%clk 00:14:06]} {[%emt 00:01:05]} Rxe3 {[%clk 00:07:40]} {[%emt
00:10:43]} 31. Rxe3 {[%clk 00:13:22]} {[%emt 00:01:14]} Bxg5 {[%clk 00:07:59]}
{[%emt 00:00:11]} 32. Ra3 {[%clk 00:12:16]} {[%emt 00:01:34]} b4 {[%clk
00:05:55]} {[%emt 00:02:36]} 33. Rxa6 {[%clk 00:11:21]} {[%emt 00:01:25]} Be7
{[%clk 00:03:54]} {[%emt 00:02:27]} 34. Rb6 {[%clk 00:10:28]} {[%emt 00:01:27]}
Rc4 {[%clk 00:03:55]} {[%emt 00:00:28]} 35. Rb8+ {[%clk 00:08:56]} {[%emt
00:02:02]} Bf8 {[%clk 00:03:27]} {[%emt 00:00:58]} 36. Rd1 {[%clk 00:08:21]}
{[%emt 00:01:05]} Ng5 {[%clk 00:02:09]} {[%emt 00:01:49]} 37. Bg2 {[%clk
00:07:48]} {[%emt 00:01:02]} Rd4 {[%clk 00:01:17]} {[%emt 00:01:22]} 38. Ra1
{[%clk 00:07:27]} {[%emt 00:00:50]} Nh7 {[%clk 00:01:28]} {[%emt 00:00:21]} 39.
Ra4 {[%clk 00:06:14]} {[%emt 00:01:43]} Rd2 {[%clk 00:01:29]} {[%emt 00:00:29]}
40. Bf1 {[%clk 00:06:25]} {[%emt 00:00:15]} Rd4 {[%clk 00:01:45]} {[%emt
00:00:18]} 41. Raxb4 {[%clk 00:05:30]} {[%emt 00:01:24]} Rxb4+ {[%clk
00:02:01]} {[%emt 00:00:14]} 42. Rxb4 {[%clk 00:05:49]} {[%emt 00:00:12]} g6
{[%clk 00:02:07]} {[%emt 00:00:24]} 43. fxg6 {[%clk 00:05:29]} {[%emt
00:00:49]} fxg6 {[%clk 00:02:30]} {[%emt 00:00:07]} 44. Bc4+ {[%clk 00:05:42]}
{[%emt 00:00:16]} Kh8 {[%clk 00:01:35]} {[%emt 00:01:25]} 45. Rb8 {[%clk
00:03:54]} {[%emt 00:02:20]} Kg7 {[%clk 00:00:35]} {[%emt 00:01:08]} 46. Rb7+
{[%clk 00:00:31]} {[%emt 00:04:15]} Kh8 {[%clk 00:28:03]} {[%emt 00:03:00]} 47.
Rb8 {[%clk 00:26:44]} {[%emt 00:04:18]} 1/2-1/2

[Event "DEM U14w 2023"]
[Site "Willingen GER"]
[Date "2023.06.01"]
[Round "7"]
[White "Neumeier, Valentina"]
[Black "Vogt, Luna"]
[Result "1-0"]
[Termination "normal"]
[Board "7"]
[WhiteElo "1549"]
[BlackElo "1345"]
[WhiteClock "00:08:53"]
[BlackClock "00:09:19"]
[PlyCount "109"]
[WhiteFideId "34608222"]
[BlackFideId "34607153"]
[EventCountry "GER"]
[EventRounds "9"]
[EventType "swiss"]
[EventDate "2023.05.27"]

1. e4 {[%clk 01:30:59]} {[%emt 17:43:04]} e5 {[%clk 01:30:52]} {[%emt
00:00:08]} 2. Nf3 {[%clk 01:31:24]} {[%emt 00:00:05]} Nc6 {[%clk 01:31:19]}
{[%emt 00:00:03]} 3. Bc4 {[%clk 01:31:45]} {[%emt 00:00:09]} Nf6 {[%clk
01:31:41]} {[%emt 00:00:08]} 4. d3 {[%clk 01:32:08]} {[%emt 00:00:07]} h6
{[%clk 01:32:01]} {[%emt 00:00:10]} 5. h3 {[%clk 01:32:06]} {[%emt 00:00:33]}
d6 {[%clk 01:32:13]} {[%emt 00:00:17]} 6. c3 {[%clk 01:31:32]} {[%emt
00:01:05]} g6 {[%clk 01:31:40]} {[%emt 00:01:02]} 7. Be3 {[%clk 01:30:09]}
{[%emt 00:01:53]} Bg7 {[%clk 01:31:04]} {[%emt 00:01:05]} 8. Nbd2 {[%clk
01:28:33]} {[%emt 00:02:07]} O-O {[%clk 01:27:33]} {[%emt 00:04:01]} 9. O-O
{[%clk 01:26:52]} {[%emt 00:02:11]} Na5 {[%clk 01:26:56]} {[%emt 00:01:07]} 10.
Bb5 {[%clk 01:25:06]} {[%emt 00:02:16]} a6 {[%clk 01:27:04]} {[%emt 00:00:22]}
11. Ba4 {[%clk 01:25:28]} {[%emt 00:00:08]} b5 {[%clk 01:27:23]} {[%emt
00:00:10]} 12. Bc2 {[%clk 01:25:49]} {[%emt 00:00:10]} c5 {[%clk 01:27:42]}
{[%emt 00:00:11]} 13. Re1 {[%clk 01:22:51]} {[%emt 00:03:28]} Nc6 {[%clk
01:27:47]} {[%emt 00:00:25]} 14. Nf1 {[%clk 01:21:46]} {[%emt 00:01:35]} Be6
{[%clk 01:27:41]} {[%emt 00:00:36]} 15. Ng3 {[%clk 01:21:25]} {[%emt 00:00:51]}
Qc7 {[%clk 01:27:05]} {[%emt 00:01:05]} 16. Nh2 {[%clk 01:18:24]} {[%emt
00:03:32]} Nh5 {[%clk 01:17:35]} {[%emt 00:09:59]} 17. Nxh5 {[%clk 01:14:55]}
{[%emt 00:03:58]} gxh5 {[%clk 01:17:10]} {[%emt 00:00:57]} 18. Qxh5 {[%clk
01:14:26]} {[%emt 00:00:59]} Kh7 {[%clk 01:16:30]} {[%emt 00:01:10]} 19. Nf3
{[%clk 01:05:37]} {[%emt 00:09:19]} f6 {[%clk 01:13:06]} {[%emt 00:03:53]} 20.
Nh4 {[%clk 00:59:37]} {[%emt 00:06:31]} Qf7 {[%clk 01:12:08]} {[%emt 00:01:28]}
21. Qf3 {[%clk 00:57:48]} {[%emt 00:02:18]} Ne7 {[%clk 01:03:34]} {[%emt
00:09:05]} 22. d4 {[%clk 00:53:23]} {[%emt 00:04:55]} Rg8 {[%clk 00:55:41]}
{[%emt 00:08:23]} 23. dxc5 {[%clk 00:47:30]} {[%emt 00:06:23]} dxc5 {[%clk
00:32:57]} {[%emt 00:23:15]} 24. Bxc5 {[%clk 00:44:29]} {[%emt 00:03:31]} Ng6
{[%clk 00:31:17]} {[%emt 00:02:10]} 25. Nxg6 {[%clk 00:41:27]} {[%emt
00:04:20]} Qxg6 {[%clk 00:31:39]} 26. Rad1 {[%clk 00:36:54]} {[%emt 00:04:22]}
Bxa2 {[%clk 00:26:12]} {[%emt 00:05:56]} 27. Rd7 {[%clk 00:34:53]} {[%emt
00:02:32]} Be6 {[%clk 00:24:57]} {[%emt 00:01:45]} 28. Re7 {[%clk 00:31:52]}
{[%emt 00:03:31]} Rae8 {[%clk 00:24:31]} {[%emt 00:00:56]} 29. Rxe8 {[%clk
00:28:22]} {[%emt 00:04:01]} Qxe8 {[%clk 00:24:46]} {[%emt 00:00:14]} 30. Qe3
{[%clk 00:25:51]} {[%emt 00:02:49]} Qc8 {[%clk 00:22:59]} {[%emt 00:02:30]} 31.
Kh1 {[%clk 00:23:08]} {[%emt 00:03:12]} h5 {[%clk 00:20:07]} {[%emt 00:03:22]}
32. Bb4 {[%clk 00:19:56]} {[%emt 00:03:42]} Qe8 {[%clk 00:16:39]} {[%emt
00:03:57]} 33. Bd1 {[%clk 00:17:32]} {[%emt 00:02:54]} Bh6 {[%clk 00:15:07]}
{[%emt 00:02:02]} 34. Qa7+ {[%clk 00:16:48]} {[%emt 00:01:14]} Kh8 {[%clk
00:13:36]} {[%emt 00:02:02]} 35. Qxa6 {[%clk 00:15:26]} {[%emt 00:01:53]} Qg6
{[%clk 00:13:31]} {[%emt 00:00:34]} 36. Bf3 {[%clk 00:15:01]} {[%emt 00:00:55]}
Bc4 {[%clk 00:12:05]} {[%emt 00:01:56]} 37. Be7 {[%clk 00:10:34]} {[%emt
00:04:56]} Bg5 {[%clk 00:10:51]} {[%emt 00:01:43]} 38. Rg1 {[%clk 00:04:37]}
{[%emt 00:06:28]} Rg7 {[%clk 00:10:32]} {[%emt 00:00:49]} 39. Bc5 {[%clk
00:03:27]} {[%emt 00:01:37]} Bf4 {[%clk 00:09:09]} {[%emt 00:01:57]} 40. Qc8+
{[%clk 00:02:53]} {[%emt 00:01:04]} Rg8 {[%clk 00:06:56]} {[%emt 00:02:43]} 41.
Qf5 {[%clk 00:01:43]} {[%emt 00:01:39]} Qxf5 {[%clk 00:03:47]} {[%emt
00:03:40]} 42. exf5 {[%clk 00:02:07]} {[%emt 00:00:06]} h4 {[%clk 00:03:25]}
{[%emt 00:00:52]} 43. Rd1 {[%clk 00:01:01]} {[%emt 00:01:35]} Rg7 {[%clk
00:27:58]} {[%emt 00:05:58]} 44. Bb4 {[%clk 00:25:16]} {[%emt 00:06:16]} Ra7
{[%clk 00:26:43]} {[%emt 00:01:43]} 45. Ba3 {[%clk 00:24:08]} {[%emt 00:01:38]}
Kg7 {[%clk 00:26:07]} {[%emt 00:01:06]} 46. Be4 {[%clk 00:19:54]} {[%emt
00:04:44]} Rc7 {[%clk 00:22:53]} {[%emt 00:03:44]} 47. Rd8 {[%clk 00:17:38]}
{[%emt 00:02:47]} Kh7 {[%clk 00:15:30]} {[%emt 00:07:53]} 48. Bd3 {[%clk
00:16:39]} {[%emt 00:01:29]} Kh6 {[%clk 00:12:06]} {[%emt 00:03:54]} 49. Bxc4
{[%clk 00:13:42]} {[%emt 00:03:26]} bxc4 {[%clk 00:12:11]} {[%emt 00:00:26]}
50. Rg8 {[%clk 00:12:07]} {[%emt 00:02:06]} Kh7 {[%clk 00:10:03]} {[%emt
00:02:36]} 51. Rg4 {[%clk 00:11:35]} {[%emt 00:01:02]} Bg5 {[%clk 00:09:57]}
{[%emt 00:00:37]} 52. Kg1 {[%clk 00:09:50]} {[%emt 00:02:15]} Rd7 {[%clk
00:09:58]} {[%emt 00:00:29]} 53. Kf1 {[%clk 00:09:24]} {[%emt 00:00:56]} Rd2
{[%clk 00:09:59]} {[%emt 00:00:29]} 54. Ke1 {[%clk 00:09:24]} {[%emt 00:00:30]}
Rc2 {[%clk 00:09:19]} {[%emt 00:01:09]} 55. Rxc4 {[%clk 00:08:53]} {[%emt
00:01:02]} 1-0

[Event "DEM U14w 2023"]
[Site "Willingen GER"]
[Date "2023.06.01"]
[Round "7"]
[White "Kopylov, Diana"]
[Black "Hergenröder, Cora"]
[Result "1-0"]
[Termination "normal"]
[Board "8"]
[WhiteElo "1378"]
[BlackElo "1466"]
[WhiteClock "00:05:29"]
[BlackClock "00:04:22"]
[PlyCount "119"]
[WhiteFideId "16268865"]
[BlackFideId "34603700"]
[EventCountry "GER"]
[EventRounds "9"]
[EventType "swiss"]
[EventDate "2023.05.27"]

1. d4 {[%clk 01:30:58]} {[%emt 00:00:02]} d5 {[%clk 01:30:55]} {[%emt
00:00:05]} 2. c4 {[%clk 01:31:18]} {[%emt 00:00:10]} c6 {[%clk 01:31:22]}
{[%emt 00:00:04]} 3. cxd5 {[%clk 01:31:41]} {[%emt 00:00:06]} cxd5 {[%clk
01:31:48]} {[%emt 00:00:05]} 4. Nf3 {[%clk 01:32:04]} {[%emt 00:00:06]} Nc6
{[%clk 01:32:12]} {[%emt 00:00:06]} 5. Nc3 {[%clk 01:32:27]} {[%emt 00:00:07]}
Nf6 {[%clk 01:32:38]} {[%emt 00:00:04]} 6. Bf4 {[%clk 01:32:50]} {[%emt
00:00:07]} Qb6 {[%clk 01:32:13]} {[%emt 00:00:56]} 7. Qd2 {[%clk 01:25:49]}
{[%emt 00:07:30]} e6 {[%clk 01:20:09]} {[%emt 00:12:35]} 8. a3 {[%clk
01:23:47]} {[%emt 00:02:31]} Bd7 {[%clk 01:06:42]} {[%emt 00:13:57]} 9. e3
{[%clk 01:22:15]} {[%emt 00:02:01]} Na5 {[%clk 00:56:25]} {[%emt 00:10:48]} 10.
Qc2 {[%clk 01:17:21]} {[%emt 00:05:23]} Rc8 {[%clk 00:52:37]} {[%emt 00:04:19]}
11. Bd3 {[%clk 01:13:40]} {[%emt 00:04:10]} Be7 {[%clk 00:50:40]} {[%emt
00:02:28]} 12. O-O {[%clk 01:11:58]} {[%emt 00:02:10]} O-O {[%emt 00:04:53]}
13. Ne5 {[%clk 01:08:43]} {[%emt 00:03:26]} Qd8 {[%clk 00:36:12]} {[%emt
00:10:57]} 14. Qe2 {[%clk 00:59:48]} {[%emt 00:09:25]} Re8 {[%clk 00:20:12]}
{[%emt 00:16:29]} 15. f3 {[%clk 00:52:54]} {[%emt 00:07:23]} Nc6 {[%clk
00:18:25]} {[%emt 00:02:17]} 16. h3 {[%clk 00:44:13]} {[%emt 00:09:11]} Nh5
{[%clk 00:17:47]} {[%emt 00:01:10]} 17. Bh2 {[%clk 00:43:16]} {[%emt 00:01:25]}
Nf6 {[%clk 00:16:38]} {[%emt 00:01:40]} 18. g4 {[%clk 00:39:06]} {[%emt
00:04:40]} Rf8 {[%clk 00:16:51]} {[%emt 00:00:17]} 19. f4 {[%clk 00:36:59]}
{[%emt 00:02:36]} Ne8 {[%clk 00:16:57]} {[%emt 00:00:25]} 20. f5 {[%clk
00:33:47]} {[%emt 00:03:42]} Ra8 {[%clk 00:14:32]} {[%emt 00:02:56]} 21. Rf3
{[%clk 00:30:41]} {[%emt 00:03:35]} Qc8 {[%clk 00:13:11]} {[%emt 00:01:51]} 22.
Raf1 {[%clk 00:30:11]} {[%emt 00:01:00]} f6 {[%clk 00:12:53]} {[%emt 00:00:48]}
23. Nxd7 {[%clk 00:28:34]} {[%emt 00:02:07]} Qxd7 {[%clk 00:13:19]} {[%emt
00:00:04]} 24. fxe6 {[%clk 00:26:15]} {[%emt 00:02:49]} Qxe6 {[%clk 00:13:46]}
{[%emt 00:00:04]} 25. Qc2 {[%clk 00:25:54]} {[%emt 00:00:51]} g6 {[%clk
00:12:20]} {[%emt 00:01:55]} 26. Qb3 {[%clk 00:25:03]} {[%emt 00:01:20]} Rd8
{[%clk 00:11:05]} {[%emt 00:01:46]} 27. Be4 {[%clk 00:22:38]} {[%emt 00:02:53]}
Kg7 {[%clk 00:09:06]} {[%emt 00:02:31]} 28. Bxd5 {[%clk 00:21:30]} {[%emt
00:01:38]} Qc8 {[%clk 00:08:59]} {[%emt 00:00:37]} 29. Be4 {[%clk 00:15:02]}
{[%emt 00:06:57]} Nd6 {[%clk 00:07:40]} {[%emt 00:01:50]} 30. Bxc6 {[%clk
00:13:56]} {[%emt 00:01:36]} Qxc6 {[%clk 00:07:44]} {[%emt 00:00:26]} 31. Nd5
{[%clk 00:12:09]} {[%emt 00:02:17]} Nc8 {[%clk 00:06:50]} {[%emt 00:01:24]} 32.
Nf4 {[%clk 00:10:34]} {[%emt 00:02:05]} Rd6 {[%clk 00:05:58]} {[%emt 00:01:23]}
33. d5 {[%clk 00:09:50]} {[%emt 00:01:14]} Qb6 {[%clk 00:05:11]} {[%emt
00:01:16]} 34. Qc3 {[%clk 00:08:01]} {[%emt 00:02:19]} Re8 {[%clk 00:04:32]}
{[%emt 00:01:10]} 35. Ne6+ {[%clk 00:07:34]} {[%emt 00:00:56]} Kg8 {[%clk
00:04:37]} {[%emt 00:00:25]} 36. Bxd6 {[%clk 00:07:14]} {[%emt 00:00:50]} Nxd6
{[%clk 00:04:57]} {[%emt 00:00:10]} 37. Qc7 {[%clk 00:03:17]} {[%emt 00:04:26]}
Qxc7 {[%clk 00:04:14]} {[%emt 00:01:15]} 38. Nxc7 {[%clk 00:03:43]} {[%emt
00:00:04]} Rc8 {[%clk 00:04:36]} {[%emt 00:00:08]} 39. Ne6 {[%clk 00:03:49]}
{[%emt 00:00:22]} Ne4 {[%clk 00:04:17]} {[%emt 00:00:50]} 40. Rd1 {[%clk
00:02:28]} {[%emt 00:01:51]} Bd6 {[%clk 00:03:26]} {[%emt 00:01:22]} 41. Nd4
{[%clk 00:26:37]} {[%emt 00:06:19]} Kg7 {[%clk 00:21:25]} {[%emt 00:12:32]} 42.
Rff1 {[%clk 00:17:45]} {[%emt 00:09:20]} Ng3 {[%clk 00:19:03]} {[%emt
00:02:54]} 43. Rfe1 {[%clk 00:17:02]} {[%emt 00:01:12]} Be5 {[%clk 00:17:13]}
{[%emt 00:02:22]} 44. Kg2 {[%clk 00:14:26]} {[%emt 00:03:04]} h5 {[%clk
00:11:57]} {[%emt 00:05:47]} 45. Rc1 {[%clk 00:13:09]} {[%emt 00:01:47]} Rh8
{[%clk 00:10:12]} {[%emt 00:02:14]} 46. Ne6+ {[%clk 00:12:49]} {[%emt
00:00:50]} Kf7 {[%clk 00:09:17]} {[%emt 00:01:26]} 47. g5 {[%clk 00:11:57]}
{[%emt 00:01:22]} fxg5 {[%clk 00:07:03]} {[%emt 00:02:45]} 48. Nxg5+ {[%clk
00:12:18]} {[%emt 00:00:09]} Kg7 {[%clk 00:06:54]} {[%emt 00:00:38]} 49. Nf3
{[%clk 00:11:29]} {[%emt 00:01:18]} Bd6 {[%clk 00:06:44]} {[%emt 00:00:41]} 50.
e4 {[%clk 00:11:23]} {[%emt 00:00:36]} Bb8 {[%clk 00:05:36]} {[%emt 00:01:38]}
51. e5 {[%clk 00:10:12]} {[%emt 00:01:41]} Nf5 {[%clk 00:06:00]} {[%emt
00:00:06]} 52. d6 {[%clk 00:09:38]} {[%emt 00:01:04]} Rd8 {[%clk 00:05:27]}
{[%emt 00:01:03]} 53. Ng5 {[%clk 00:09:04]} {[%emt 00:01:03]} Rd7 {[%clk
00:05:05]} {[%emt 00:00:53]} 54. Ne6+ {[%clk 00:06:44]} {[%emt 00:02:50]} Kh6
{[%clk 00:04:52]} {[%emt 00:00:43]} 55. Rc8 {[%clk 00:06:07]} {[%emt 00:01:06]}
Nh4+ {[%clk 00:03:59]} {[%emt 00:01:24]} 56. Kg3 {[%clk 00:05:09]} {[%emt
00:01:27]} Nf5+ {[%clk 00:04:21]} {[%emt 00:00:10]} 57. Kf4 {[%clk 00:05:03]}
{[%emt 00:00:35]} Bxd6 {[%clk 00:03:34]} {[%emt 00:01:17]} 58. Rh8+ {[%clk
00:04:47]} {[%emt 00:00:45]} Rh7 {[%clk 00:03:57]} {[%emt 00:00:08]} 59. Rxh7+
{[%clk 00:05:08]} {[%emt 00:00:09]} Kxh7 {[%clk 00:04:22]} {[%emt 00:00:05]}
60. exd6 {[%clk 00:05:29]} {[%emt 00:00:10]} 1-0

[Event "DEM U14w 2023"]
[Site "Willingen GER"]
[Date "2023.06.01"]
[Round "7"]
[White "Huber, Laura"]
[Black "Oellrich, Emma"]
[Result "1/2-1/2"]
[Termination "normal"]
[Board "9"]
[WhiteElo "1388"]
[BlackElo "1525"]
[WhiteClock "00:50:31"]
[BlackClock "00:49:45"]
[PlyCount "53"]
[WhiteFideId "16270940"]
[BlackFideId "16268806"]
[EventCountry "GER"]
[EventRounds "9"]
[EventType "swiss"]
[EventDate "2023.05.27"]

{[%evp 0,33,22,22,33,31,31,31,31,41,31,-3,14,-3,4,-4,-10,3,6,-11,-11,-15,20,
-52,-43,-39,-20,-28,-15,-119,-12,-37,-15,-17,-10,-23]} 1. e4 {[%emt 0:00:02]}
e6 {[%emt 0:00:06]} 2. d4 {[%emt 0:00:04]} d5 {[%emt 0:00:06]} 3. Nd2 {[%emt
0:00:17]} c5 {[%emt 0:00:07]} 4. Ngf3 {[%emt 0:00:03]} cxd4 {[%emt 0:00:14]} 5.
Nxd4 {[%emt 0:00:55]} Nc6 {[%emt 0:00:09]} 6. Bb5 {[%emt 0:04:07]} Bd7 {[%emt
0:00:07]} 7. Nxc6 {[%emt 0:01:48]} bxc6 {[%emt 0:00:34]} 8. Bd3 {[%emt
0:01:34]} Bd6 {[%emt 0:00:22]} 9. Nf3 {[%emt 0:08:54]} Qc7 {[%emt 0:02:25]} 10.
O-O {[%emt 0:02:41]} Nf6 {[%emt 0:03:03]} 11. exd5 {[%emt 0:03:16]} cxd5 {[%emt
0:00:53]} 12. Re1 {[%emt 0:03:05]} h6 {[%emt 0:03:55]} 13. h3 {[%emt 0:09:56]}
O-O {[%emt 0:03:55]} 14. Bd2 {[%emt 0:03:14]} Nh5 {[%emt 0:09:50]} 15. Bc3
{[%emt 0:04:20]} Nf4 {[%emt 0:04:02]} 16. Ne5 {[%emt 0:02:57]} Nxd3 {[%emt
0:18:55]} 17. Qxd3 {[%emt 0:01:18]} Rfe8 18. Rad1 a6 19. Nxd7 Qxd7 20. Qd4 f6
21. Qg4 Qf7 22. Qf3 Rad8 23. Qd3 Qb7 24. Qg6 Qf7 25. Qd3 Qb7 26. Qg6 Qf7 27.
Qd3 1/2-1/2